Normal view
MARC view
- تاليف العكيلي، صالح حسن
Entry Personal Name
001 - CONTROL NUMBER
- control field: 19372
003 - CONTROL NUMBER IDENTIFIER
- control field: JO-AjAnu
005 - DATE AND TIME OF LATEST TRANSACTION
- control field: 20230606073403.0
008 - FIXED-LENGTH DATA ELEMENTS
- fixed length control field: 230606|| aca||aabn | a|a d
040 ## - CATALOGING SOURCE
- Original cataloging agency: JO-AjAnu
- Transcribing agency: JO-AjAnu
100 ## - HEADING--PERSONAL NAME
- Personal name: تاليف العكيلي، صالح حسن
670 ## - SOURCE DATA FOUND
- Source citation: Work cat.: (JO-AjAnu)9946: تاليف العكيلي، صالح حسن, author, فرنسا بين ثورتين 1789 -1830